000 00620nam a22001937a 4500
005 20140910150048.0
010 _aENG-110769
020 _a9788183876247
_c1595.00
035 _aEN-94301
037 _bDBAD/PUB
082 _a346.0134
245 _aCritical issues in women's right in Islam /
_cedited by Abdul Haseeb Ansari
260 _aNew Delhi
_bSerials Publications
_c2014
270 _a4830/24, Prahlad Street, Ansari Road, Darya Ganj
_bNew Delhi
_e110002
300 _axxii,298p.
_c23cm(Hb)
500 _aIncludes index
700 _aAnsari, Abdul Haseeb
942 _2ddc
_cEN
_h346.0134
_mCRI
999 _c88386
_d88386